Knights of the kitchen table / (Record no. 47373)
[ view plain ]
| 000 -LEADER | |
|---|---|
| fixed length control field | 01379nam a2200505 a 4500 |
| 001 - CONTROL NUMBER | |
| control field | 1999593 |
| 003 - CONTROL NUMBER IDENTIFIER | |
| control field | OSt |
| 005 - DATE AND TIME OF LATEST TRANSACTION | |
| control field | 20140428095541.0 |
| 008 - FIXED-LENGTH DATA ELEMENTS--GENERAL INFORMATION | |
| fixed length control field | 930907s1991 nyua j 000 1 eng d |
| 010 ## - LIBRARY OF CONGRESS CONTROL NUMBER | |
| LC control number | 90051009 |
| 020 ## - INTERNATIONAL STANDARD BOOK NUMBER | |
| International Standard Book Number | 0590981293 |
| 035 ## - SYSTEM CONTROL NUMBER | |
| System control number | (OCoLC)23807690 |
| 040 ## - CATALOGING SOURCE | |
| Original cataloging agency | CP |
| Transcribing agency | CP |
| Modifying agency | OCoLC |
| -- | NcGU |
| -- | DLC |
| 042 ## - AUTHENTICATION CODE | |
| Authentication code | lccopycat |
| 050 04 - LIBRARY OF CONGRESS CALL NUMBER | |
| Classification number | PZ 7 |
| Item number | .Sc41267Kn 1991 |
| 100 1# - MAIN ENTRY--PERSONAL NAME | |
| Personal name | Scieszka, Jon. |
| 9 (RLIN) | 23260 |
| 245 10 - TITLE STATEMENT | |
| Title | Knights of the kitchen table / |
| Statement of responsibility, etc | by Jon Scieszka ; illustrated by Lane Smith. |
| 260 ## - PUBLICATION, DISTRIBUTION, ETC. (IMPRINT) | |
| Place of publication, distribution, etc | New York, N.Y. : |
| Name of publisher, distributor, etc | Scholastics |
| Date of publication, distribution, etc | 1991 |
| 300 ## - PHYSICAL DESCRIPTION | |
| Extent | 55 p. : |
| Other physical details | ill. ; |
| Dimensions | 22 cm. |
| 490 1# - SERIES STATEMENT | |
| Series statement | Time warp trio |
| 521 ## - TARGET AUDIENCE NOTE | |
| Target audience note | |
| 526 ## - STUDY PROGRAM INFORMATION NOTE | |
| Reading level | 630 |
| 650 #1 - SUBJECT ADDED ENTRY--TOPICAL TERM | |
| Topical term or geographic name as entry element | Knights and knighthood |
| General subdivision | Fiction. |
| 9 (RLIN) | 26943 |
| 650 #1 - SUBJECT ADDED ENTRY--TOPICAL TERM | |
| Topical term or geographic name as entry element | Adventure and adventurers |
| General subdivision | Fiction. |
| 9 (RLIN) | 26944 |
| 700 1# - ADDED ENTRY--PERSONAL NAME | |
| Personal name | Smith, Lane, |
| Relator term | ill. |
| 9 (RLIN) | 26945 |
| 800 1# - SERIES ADDED ENTRY--PERSONAL NAME | |
| Personal name | Scieszka, Jon. |
| Title of a work | Time warp trio. |
| 9 (RLIN) | 26946 |
| 906 ## - LOCAL DATA ELEMENT F, LDF (RLIN) | |
| a | 7 |
| b | cbc |
| c | copycat |
| d | 3 |
| e | ocip |
| f | 19 |
| g | y-gencatlg |
| 942 ## - ADDED ENTRY ELEMENTS (KOHA) | |
| Source of classification or shelving scheme | Library of Congress Classification |
| Koha item type | Books |
| Withdrawn status | Lost status | Source of classification or shelving scheme | Damaged status | Home library | Current library | Shelving location | Date acquired | Total Checkouts | Full call number | Barcode | Date last seen | Copy number | Price effective from | Koha item type |
|---|---|---|---|---|---|---|---|---|---|---|---|---|---|---|
| Library of Congress Classification | Munich Library | Munich Library | Scholastic Reading Center Section | 03/14/2014 | PZ 7 .Sc41267Kn 1991 | MS3215 | 03/14/2014 | 1 | 03/14/2014 | Books |